Stolice Azji - Statystyki

Ogólne statystyki
  • Ten quiz został rozwiązany 28 razy
    21 od ostatniego zresetowania
  • Średni wynik to 38 z 48
Odpowiedzi na mapie
Odpowiedzi zakodowano w zielono-czerwonej skali na mapie do tego quizu, zgodnie z poniższymi procentami.
 
Statystyki odpowiedzi
Stolica % Poprawnych
Ankara
100%
Nowe delhi
100%
Sri Dźajawardanapura Kotte
100%
Tbilisi
100%
Teheran
100%
Ułan bator
100%
Abu zabi
92%
Amman
92%
Bejrut
92%
Biszkek
92%
Jerozolima
92%
Kuwejt
92%
Male
92%
Pekin
92%
Tajpej
92%
Tokio
92%
Astana
83%
Bagdad
83%
Baku
83%
Damaszek
83%
Dżakarta
83%
Erywań
83%
Hanoi
83%
Islamabad
83%
Kabul
83%
Manila
83%
Taszkent
83%
Ad-Dauha
75%
Aszchabad
75%
Dhaka
75%
Katmandu
75%
Kuala lumpur
75%
Manama
75%
Maskat
75%
Nikozja
75%
Rijad
75%
Singapur
75%
Bangkok
67%
Duszanbe
67%
Sana
67%
Thimphu
67%
Dili
58%
Naypyidaw
58%
Phnom penh
58%
Wientian
58%
Bandar seri begawan
50%
Pyongyang
33%
Seoul
25%
Nie znaleziono quizów pasujących do podanych kryteriów
Rozkład punktacji
Procent ludzi z każdym wynikiem
Percentyl według liczby udzielonych odpowiedzi
Twoja historia wyników
Nie rozwiązałeś tego quizu od ostatniego zresetowania